Fishing Boat Brands - Statistics

General Stats
  • This quiz has been taken 42 times
  • The average score is 3 of 12
Answer Stats
Hint Answer % Correct
Unsinkable Legend Boston Whaler
86%
Now a Bass Pro Shops company Mako
46%
Classic Potter Built Hulls SeaCraft
29%
Offshore fishing catamarans Worldcat
25%
Legendary 31 foot Moppie Bertram
21%
Greenville, NC. SeaV2 hull designed by C. Raymond Hunt. Grady White
21%
Based in Beaufort, NC and makes a Pilothouse Parker
21%
Florida based. Deep V center consoles. Contender
18%
Edenton, NC based. Makes deep V center consoles. Regulator
11%
Merged with Carolina Classic in 2015 Albemarle
7%
Variable Degree Deadrise Hull Sailfish
7%
Formerly Kencraft Seaking
4%
No matching quizzes found
Score Distribution
Percent of People with Each Score
Percentile by Number Answered
Your Score History
You have not taken this quiz